Comunicación: la matriz social de la psiquiatría
Kaydedildi:
| Asıl Yazarlar: | , |
|---|---|
| Materyal Türü: | Kitap |
| Dil: | İspanyolca |
| Baskı/Yayın Bilgisi: |
Barcelona
Paidos
1984
|
| Seri Bilgileri: | Biblioteca de Psiquiatría, Psicopatología. Serie Mayor
|
| Konular: | |
| Etiketler: |
Etiketle
Etiket eklenmemiş, İlk siz ekleyin!
|
MARC
| LEADER | 00000nam a2200000 a 4500 | ||
|---|---|---|---|
| 001 | UCW7609 | ||
| 003 | CL-VaPUC | ||
| 008 | 930518e19840000SP |||||||||||||||||spa|d | ||
| 082 | 0 | 4 | |a 302.2 |b BAT |2 21 |
| 100 | 0 | |a Bateson, Gregory |e author |9 312814 | |
| 700 | 0 | |a Ruesch, Jurgen |e author |9 312815 | |
| 245 | 1 | 0 | |a Comunicación: la matriz social de la psiquiatría |
| 300 | |a 246 p | ||
| 942 | |c BK | ||
| 945 | |d 19930518 00:00:00 | ||
| 260 | |a Barcelona |b Paidos |c 1984 | ||
| 650 | 0 | |a Psiquiatría |9 308427 | |
| 650 | 0 | |a Comunicación en ciencias sociales |9 307878 | |
| 650 | 7 | |a PSICOTERAPIA |2 CL-VaPUC |9 312816 | |
| 583 | |a last modification |c 20180502 10:54:05 |k Rodrigo Vera | ||
| 490 | 0 | |a Biblioteca de Psiquiatría, Psicopatología. Serie Mayor | |
| 999 | |c 220319 |d 220317 | ||
| 952 | |0 0 |1 0 |4 0 |6 302_200000000000000_BAT_1984 |7 0 |8 A |9 212349 |a BIBEDU |b BIBEDU |d 2019-11-15 |i 2805790 |o 302.2 BAT 1984 |p 2805790 |r 2019-11-15 |w 2019-11-15 |y BK |k EDU | ||
| 952 | |0 0 |1 0 |4 0 |6 302_200000000000000_BAT_1984 |7 0 |8 A |9 212350 |a BIBGIM |b BIBGIM |d 2019-11-15 |i 3208613 |o 302.2 BAT 1984 |p 3208613 |r 2025-01-15 |w 2019-11-15 |y BK |k SSL | ||